[Event "5th Paleochora Open"]
[Site "Paleochora GRE"]
[Date "2012.07.19"]
[Round "5.14"]
[White "Shyam,SM"]
[Black "Flaata,A"]
[Result "1-0"]
[WhiteElo "2486"]
[BlackElo "2097"]

1.e4 g6 2.d4 Bg7 3.Nc3 c5 4.dxc5 Bxc3+ 5.bxc3 Nc6 6.Be3 Qa5 7.Qd2 Nf6 8.Bd3 Ng4
9.Ne2 Nxe3 10.Qxe3 b6 11.cxb6 Qxb6 12.Qxb6 axb6 13.Kd2 Kd8 14.Nd4 Ba6 15.Rhb1 Kc7
16.a4 Na5 17.Rb4 e5 18.Bxa6 exd4 19.Bb5 dxc3+ 20.Kxc3 Rac8 21.Rd1 d6 22.Rbd4 Rhd8
23.Kb2 f6 24.R1d3 Nb7 25.Rh3 h5 26.Rg3 g5 27.Ba6 Rb8 28.Bxb7 Rxb7 29.Rf3 Rf8
30.Rc3+ Kd7 31.Rcd3 Ke7 32.Rxd6 f5 33.e5 b5 34.Rb3 b4 35.Rh6 h4 36.Rd3 Rc7
37.Rh7+ Rf7 38.Rxf7+ Kxf7 39.Rd6 h3 40.gxh3 f4 41.h4 gxh4 42.Rf6+ Ke7 43.Rxf4 h3
44.Rxb4 Ke6 45.a5 Kxe5 46.a6 Ra7 47.Ra4 Kd5 48.f4 Kc5 49.Kb3 Kb5 50.f5 Kc6
51.Kb4 Kc7 52.Kb5 Kb8 53.f6 Rf7 54.Rf4 Ka7 55.c4 Rf8 56.f7 Ka8 57.Kc6 Ka7
58.Kd6 Kxa6 59.Ke7  1-0

[Event "27th Avoine Open"]
[Site "Avoine FRA"]
[Date "2012.07.23"]
[Round "3.1"]
[White "Perrin,G"]
[Black "Lagarde,Max"]
[Result "0-1"]
[WhiteElo "2349"]
[BlackElo "2505"]

1.e4 g6 2.d4 Bg7 3.Nc3 a6 4.a4 d6 5.Be3 Nd7 6.f4 e6 7.Nf3 Ne7 8.Bd3 Nf6 9.h3 b6
10.Qe2 Bb7 11.g4 d5 12.e5 Ne4 13.Bf2 h5 14.Rg1 hxg4 15.hxg4 Nxf2 16.Qxf2 Nc6
17.Na2 Qe7 18.f5 gxf5 19.gxf5 Bh6 20.f6 Qf8 21.Ng5 Bxg5 22.Rxg5 Qh6 23.Rg1 O-O-O
24.c3 Na5 25.Nc1 Rdg8 26.Ne2 Nc4 27.Bxc4 dxc4 28.Ng3 Rg4 29.Rd1 Rhg8 30.Ne2 Rxg1+
31.Nxg1 Rg2 32.Qf1 Qh4+  0-1

[Event "ch-AUT 2012"]
[Site "Zwettl AUT"]
[Date "2012.07.25"]
[Round "5.14"]
[White "Hofmann,T"]
[Black "Schwabeneder,Florian"]
[Result "1-0"]
[WhiteElo "2082"]
[BlackElo "2266"]

1.e4 g6 2.d4 Bg7 3.Nc3 c5 4.Be3 Nc6 5.dxc5 Bxc3+ 6.bxc3 Qa5 7.Qd2 Nf6 8.f3 b6
9.cxb6 d5 10.Bd3 dxe4 11.fxe4 Bg4 12.Nf3 Bxf3 13.gxf3 axb6 14.O-O O-O 15.Rab1 Nd7
16.Bb5 Nde5 17.f4 Rfd8 18.Qe1 Qxa2 19.fxe5 Nxe5 20.Bd4 Qe6 21.Qg3 Nd7 22.Bxd7 Rxd7
23.Rxb6 Qxe4 24.Rb8+ Rd8 25.Qf3 Qxf3 26.Rxd8+ Rxd8 27.Rxf3 f6 28.Rd3 Kf7
29.c4 e5 30.Bb6 Rc8 31.c5 Ke7 32.Kf2 Rc6 33.Bd8+ Ke8 34.Rd5 Kf7 35.Ke3 h5
36.Kd3 h4 37.Kc4 e4 38.Rd6 Rxd6 39.cxd6 Ke6 40.Kc5 e3 41.Kc6  1-0

[Event "99th ch-GBR 2012"]
[Site "North Shields ENG"]
[Date "2012.07.27"]
[Round "5.32"]
[White "Hoare,Amy B"]
[Black "Burke,M"]
[Result "1/2-1/2"]
[WhiteElo "1958"]
[BlackElo "1917"]

1.e4 g6 2.d4 Bg7 3.Nc3 c5 4.Be3 Qa5 5.Qd2 cxd4 6.Bxd4 Bxd4 7.Qxd4 Nf6 8.O-O-O Nc6
9.Qe3 d6 10.Bc4 Qc5 11.Qxc5 dxc5 12.Nd5 O-O 13.Nxf6+ exf6 14.Rd5 b6 15.Rd6 Ne5
16.Bd5 Rb8 17.Rxf6 Be6 18.Bxe6 Kg7 19.Rf4 fxe6 20.Rxf8 Rxf8 21.f3 g5 22.Ne2 Nc4
23.Rg1 Kf6 24.b3 Ne5 25.Rd1 Rf7 26.Kb2 Ng6 27.Nc1 Nh4 28.Rd2 Rg7 29.Rf2 e5
30.Nd3 Ke6 31.Kc3 Rc7 32.a4 a6 33.Nb2 Rd7 34.g3 Ng6 35.Rd2 Rf7 36.Rd3 Ne7
37.Nc4 Rf8 38.Nxb6 Nc6 39.Nc4 Nd4 40.Nd2 h5 41.Nc4 Rxf3 42.Rxf3 Nxf3 43.Ne3 Nxh2  1/2-1/2

[Event "38th Sitges Open"]
[Site "Sitges ESP"]
[Date "2012.07.27"]
[Round "8.9"]
[White "Palit,S"]
[Black "Kiewra,K"]
[Result "0-1"]
[WhiteElo "2393"]
[BlackElo "2361"]

1.e4 c5 2.Nc3 g6 3.d4 Bg7 4.d5 d6 5.f4 a6 6.a4 e6 7.dxe6 Bxe6 8.Nf3 Nc6 9.Ng5 Nd4
10.Nxe6 fxe6 11.Ne2 Nh6 12.Nxd4 cxd4 13.Bd3 O-O 14.O-O Rc8 15.Qe2 Qh4 16.Bc4 Rfe8
17.Ra3 d5 18.exd5 exd5 19.Bxd5+ Kh8 20.Qd1 Qe7 21.Rh3 Qc5 22.Bxb7 d3+ 23.Kh1 dxc2
24.Qd5 a5 25.Qxc5 Rxc5 26.Ba6 Nf5 27.g4 Nd4 28.Rc3 Rxc3 29.bxc3 Nb3 30.Bd3 Na1
31.Kg2 Rd8 32.Be4 Bxc3 33.Rf3 Bg7 34.Rf1 Rd1 35.Ba3 Bd4 36.Bf3 Rxf1 37.Kxf1 Nb3
38.Ke2 c1=Q 39.Bxc1 Nxc1+ 40.Kd2 Nb3+ 41.Kd3 Bg7 42.Bd1 Nc1+ 43.Kc2 Na2 44.Kb3 Nb4
45.Kc4 Bh6 46.Kb5 Bxf4 47.Kxa5 Nd5 48.Bf3 Nf6 49.Kb5 Kg7 50.a5 Kh6 51.a6 Be3
52.Kc6 Kg5 53.Kb7 Nxg4 54.a7 Bxa7 55.Kxa7 Kf4 56.Bb7 Nf2 57.Kb6 h5  0-1

[Event "Politiken Cup 2012"]
[Site "Helsingor DEN"]
[Date "2012.07.29"]
[Round "2.48"]
[White "Hobber,A"]
[Black "Johansen,St"]
[Result "1-0"]
[WhiteElo "2244"]
[BlackElo "2021"]

1.d4 g6 2.e4 Bg7 3.Nc3 c5 4.dxc5 Bxc3+ 5.bxc3 Qa5 6.Qd4 Nf6 7.Qb4 Qc7 8.Nf3 Na6
9.Bxa6 bxa6 10.Bg5 Bb7 11.Bxf6 exf6 12.O-O O-O 13.Rad1 Rfe8 14.Rfe1 Bc6 15.Rd6 Rab8
16.Qd4 Rb2 17.h4 Rxa2 18.Qxf6 Qd8 19.Qf4 Rxc2 20.Ne5 Qc7 21.Ng4 Rf8 22.Nf6+ Kg7
23.Qg5 Qd8 24.Qe5  1-0

[Event "Politiken Cup 2012"]
[Site "Helsingor DEN"]
[Date "2012.07.29"]
[Round "2.82"]
[White "Borg,F"]
[Black "Jensen,Mi"]
[Result "0-1"]
[WhiteElo "1750"]
[BlackElo "2113"]

1.e4 g6 2.d4 Bg7 3.Nc3 c5 4.Be3 Qa5 5.Qd2 cxd4 6.Bxd4 Bxd4 7.Qxd4 Nf6 8.f3 Nc6
9.Qd2 d6 10.Bc4 Qc5 11.Bb3 O-O 12.O-O-O Bd7 13.g4 Na5 14.h4 Nxb3+ 15.cxb3 a5
16.Kb1 a4 17.b4 Qxb4 18.g5 Nh5 19.Nd5 Qxd2 20.Nxe7+ Kg7 21.Rxd2 Ng3 22.Rxd6 Nxh1
23.Rxd7 Rfd8 24.Rxd8 Rxd8 25.Nd5 Rc8 26.Ne2 Nf2 27.Nb6 Rd8 28.Nxa4 Rd3 29.Nc5 Rxf3
30.Nxb7 Nxe4 31.b4 Rh3 32.b5 Rxh4 33.Kc2 Nxg5 34.Nd6 Ne4 35.Nxe4 Rxe4 36.Nc3 Re8
37.a4 h5 38.a5 h4  0-1

[Event "Politiken Cup 2012"]
[Site "Helsingor DEN"]
[Date "2012.07.30"]
[Round "4.97"]
[White "Borg,F"]
[Black "Fjellengen,B"]
[Result "0-1"]
[WhiteElo "1750"]
[BlackElo "1928"]

1.e4 g6 2.d4 Bg7 3.Nc3 c5 4.Nf3 cxd4 5.Nxd4 Nc6 6.Nde2 d6 7.Be3 Nf6 8.f3 O-O
9.Qd2 Re8 10.g4 Ne5 11.Nd4 Nc6 12.h4 h5 13.gxh5 Nxh5 14.O-O-O Nxd4 15.Bxd4 Be6
16.Bxg7 Kxg7 17.Nd5 Bxd5 18.Qxd5 Qc7 19.Bc4 Rf8 20.Bb3 Nf6 21.Qd4 Rh8 22.h5 Qc5
23.Qxc5 dxc5 24.e5 Nxh5 25.Rd7 b5 26.Bd5 Rad8 27.Bc6 Rxd7 28.Bxd7 a6 29.Bg4 Rd8
30.Rd1 Rxd1+ 31.Kxd1 e6 32.Kd2 Nf4 33.a3 g5 34.b4 cxb4 35.axb4 Ng6 36.Ke3 Nxe5
37.Bh3 f5 38.f4 Nc4+ 39.Kd4 gxf4 40.Bf1 Ne3 41.Bd3 Kf6 42.Kc5 e5  0-1

[Event "Politiken Cup 2012"]
[Site "Helsingor DEN"]
[Date "2012.07.31"]
[Round "5.43"]
[White "Kramer,Julian"]
[Black "Veng,J"]
[Result "1/2-1/2"]
[WhiteElo "2048"]
[BlackElo "2274"]

1.e4 g6 2.d4 Bg7 3.Nc3 Nc6 4.Nf3 d6 5.h3 Nf6 6.Be3 O-O 7.Qd2 e5 8.g4 exd4
9.Nxd4 Re8 10.Bg2 Nxd4 11.Bxd4 d5 12.e5 Nd7 13.f4 c6 14.O-O-O Nb6 15.b3 f6
16.exf6 Bxf6 17.Kb1 Bd7 18.g5 Bxd4 19.Qxd4 Qe7 20.a4 Bf5 21.Kb2 Qe3 22.a5 Qxd4
23.Rxd4 Nc8 24.a6 Nb6 25.axb7 Rab8 26.h4 Rxb7 27.h5 Re3 28.hxg6 hxg6 29.Bf1 Re1
30.Rd2 Nc4+ 31.Bxc4 Rxh1 32.Nxd5 Be6 33.Nf6+ Kf7 34.Bxe6+ Kxe6 35.Ne4 Ke7
36.Re2 Kf8 37.Nc5 Re7 38.Rf2 Kg8 39.Nd3 Rg1 40.Ne5 Re6 41.Kc3 Kf8  1/2-1/2

[Event "99th ch-GBR 2012"]
[Site "North Shields ENG"]
[Date "2012.07.31"]
[Round "8.20"]
[White "Bhatia,K"]
[Black "Wall,T"]
[Result "0-1"]
[WhiteElo "2103"]
[BlackElo "2347"]

1.e4 g6 2.d4 Bg7 3.Nc3 c5 4.d5 d6 5.f4 a6 6.a4 Bxc3+ 7.bxc3 Nf6 8.Qd3 e6
9.dxe6 Bxe6 10.c4 Nc6 11.Bb2 Qe7 12.Be2 O-O-O 13.Nf3 Rhe8 14.O-O Bg4 15.Bxf6 Qxf6
16.Rab1 Nb4 17.Qb3 Rxe4 18.c3 Re3 19.Rfc1 Qe7 20.h3 Bf5 21.Rb2 Rd7 22.Qd1 Nd3
23.Bxd3 Bxd3 24.Ne1 Bxc4 25.Rd2 Qe4 26.Nc2 Rxc3 27.Rxd6 Bd5 28.Ne1 Rxc1 29.Qxc1 Qd4+  0-1

[Event "Politiken Cup 2012"]
[Site "Helsingor DEN"]
[Date "2012.08.01"]
[Round "6.72"]
[White "Jacobsen,Fredrik Beer"]
[Black "Karlsson,J"]
[Result "1-0"]
[WhiteElo "1913"]
[BlackElo "2163"]

1.e4 g6 2.Nc3 Bg7 3.d4 a6 4.a4 b6 5.g3 Bb7 6.Bg2 Nf6 7.Nge2 d5 8.e5 Ne4 9.Nxe4 dxe4
10.c3 c5 11.Qc2 cxd4 12.cxd4 Nc6 13.Bxe4 Rc8 14.Qb1 O-O 15.O-O f5 16.Bg2 Nxd4
17.Nxd4 Bxg2 18.Ne6 Qd5 19.Nf4 Qc4 20.Nxg2 Bxe5 21.Bf4 Bf6 22.b3 Qf7 23.Ra2 Rc3
24.b4 Rb3 25.Qe1 Rc8 26.Re2 Rc4 27.Be5 Rbxb4 28.Bxf6 Qxf6 29.Rxe7 Re4 30.Re8+ Kg7
31.Rxe4 Rxe4 32.Qd1 Qc6 33.Qd8 Re8 34.Qd4+ Kf7 35.Rd1 b5 36.axb5 axb5 37.Nf4 Qc4
38.Qd7+ Re7 39.Qd6 Qc2 40.Qd5+ Kg7 41.Qd4+ Kh6 42.Ra1 Qe4 43.Qd8 Qe5 44.Rb1 g5
45.Qb6+ Kg7 46.Ng2 Rd7 47.Ne3 f4 48.Rxb5 Qa1+ 49.Rb1 Qf6 50.Qxf6+ Kxf6 51.Nc4 Rd4
52.Rb6+ Kf5 53.Nb2 h5 54.Kf1 fxg3 55.hxg3 h4 56.gxh4 gxh4 57.Rb3 Kg4 58.Rd3 Rb4
59.Nd1 Rb1 60.Kg1 Rc1 61.Kh2 Rc7 62.Rh3  1-0

[Event "Politiken Cup 2012"]
[Site "Helsingor DEN"]
[Date "2012.08.01"]
[Round "6.91"]
[White "Undheim,B"]
[Black "Johansen,St"]
[Result "0-1"]
[WhiteElo "1817"]
[BlackElo "2021"]

1.e4 g6 2.d4 Bg7 3.Nc3 a6 4.Nf3 b5 5.Bd3 d6 6.Be3 Bb7 7.O-O Nd7 8.Qd2 c5
9.Rae1 cxd4 10.Bxd4 Ngf6 11.e5 dxe5 12.Nxe5 Nxe5 13.Bxe5 O-O 14.Re2 b4 15.Nd1 a5
16.f3 Qd7 17.Qe1 Rfd8 18.Ne3 Ba6 19.Nc4 Qc6 20.b3 Nd5 21.Bxg7 Kxg7 22.Kh1 e6
23.Nxa5 Qc7 24.Bxa6 Rxa6 25.Nc4 Rxa2 26.Qh4 Nc3 27.Rd2 Rxd2 28.Nxd2 Rxc2
29.Qd4+ e5 30.Qd3 Rb2 31.Re1 Qc5 32.f4 Qf2  0-1

[Event "38th Badalona Open A"]
[Site "Badalona ESP"]
[Date "2012.08.02"]
[Round "2.1"]
[White "Rodriguez Garcia,V"]
[Black "Cordova,E"]
[Result "0-1"]
[WhiteElo "2383"]
[BlackElo "2572"]

1.e4 g6 2.d4 Bg7 3.Nc3 a6 4.Nf3 d6 5.h3 b5 6.a4 b4 7.Ne2 Bb7 8.Ng3 Nd7 9.c3 Ngf6
10.Bd3 a5 11.O-O O-O 12.Bg5 Re8 13.Qd2 e5 14.Rfe1 c5 15.Bb5 cxd4 16.cxd4 Re7
17.Rad1 Qf8 18.dxe5 dxe5 19.Qd6 h6 20.Bc1 Rc8 21.Nd2 Ne8 22.Qd3 Nc5 23.Qe2 Nd6
24.Nc4 Nxc4 25.Bxc4 Nxa4 26.Bd5 Qe8 27.Be3 Nc5 28.Bxb7 Rxb7 29.Rd5 Rbc7 30.Red1 h5
31.Qf3 a4 32.Bxc5 Rxc5 33.Rxc5 Rxc5 34.Qe3 Rc8 35.Nf1 Bf8 36.Qd3 a3 37.bxa3 bxa3
38.Ne3 Qa4 39.Nd5 Qc2 40.Qf3 Rc6 41.Ne3 Qb3 42.Qe2 a2 43.Qf1 Bc5 44.Nd5 Kg7
45.Kh2 Bd4 46.Ne7 Re6 47.Nd5 Qxd1  0-1

[Event "CECLUB 1st Div GpA 2012"]
[Site "Don Benito ESP"]
[Date "2012.08.03"]
[Round "5"]
[White "Barbero Senidic,A"]
[Black "Rakhmanov,Ale"]
[Result "1/2-1/2"]
[WhiteElo "2370"]
[BlackElo "2588"]

1.e4 g6 2.d4 Bg7 3.Nc3 a6 4.f4 b5 5.Nf3 Bb7 6.Bd3 d6 7.O-O Nd7 8.e5 e6 9.Ne4 Bxe4
10.Bxe4 d5 11.Bd3 c5 12.dxc5 Nxc5 13.Be3 Qc7 14.Nd4 Ne7 15.a4 bxa4 16.b4 Nxd3
17.Qxd3 Qd7 18.Qa3 Nc8 19.Qxa4 Qxa4 20.Rxa4 Nb6 21.Ra2 Nc4 22.Kf2 Kd7 23.Rfa1 a5
24.Nb3 f6 25.exf6 Bxf6 26.Bd4 Rhf8 27.Bxf6 Rxf6 28.bxa5 Rxf4+ 29.Kg1 Kd6
30.a6 Ra7 31.Rb1 e5 32.h3 Kc6 33.c3 Rf8 34.Na5+ Nxa5 35.Rxa5 e4 36.Rf1 Rxf1+
37.Kxf1 Kb6 38.Rxd5 Kxa6 39.Rd4 Rc7 40.c4 Re7 41.Ke2 e3 42.Rd3 Re4 43.Rc3 Kb6
44.c5+ Kc6 45.Rxe3 Rc4 46.Re7 Rxc5 47.Rxh7 Kd5 48.Re7 Kd6 49.Re3 Rf5 50.g4 Rf4
51.Re8 Kd7 52.Re5 Kd6 53.Re3 Kd5 54.Rf3 Ke5 55.Ke3 Rxf3+ 56.Kxf3 g5  1/2-1/2

[Event "Olomouc GM Valoz Cup"]
[Site "Olomouc CZE"]
[Date "2012.08.03"]
[Round "3.5"]
[White "Ponizil,C"]
[Black "Chernyshov,K"]
[Result "0-1"]
[WhiteElo "2396"]
[BlackElo "2534"]

1.e4 g6 2.d4 Bg7 3.Nc3 a6 4.f4 b5 5.Nf3 Bb7 6.Bd3 d6 7.Qe2 b4 8.Nd1 Nd7 9.c4 e5
10.fxe5 dxe5 11.d5 Qe7 12.Be3 Ngf6 13.Nf2 O-O 14.Bc2 a5 15.Ba4 Nh5 16.Bxd7 Qxd7
17.Nd3 Ba6 18.Nc5 Qd6 19.Nxa6 Qxa6 20.O-O c6 21.d6 c5 22.Rad1 Rfd8 23.Bxc5 Nf4
24.Qf2 Qxc4 25.b3 Qxe4 26.Rfe1 Qf5 27.Qe3 e4 28.Nh4 Qg4 29.Qxe4 Qxh4 30.d7 Bf8
31.Bb6 Qg5 32.Bxd8 Rxd8 33.g3 Qc5+ 34.Kh1 Ne6 35.Qd5 Kg7 36.Re4 Qxd5 37.Rxd5 Nc7
38.Rd3 f5 39.Rc4 Ne6 40.Rc6 Kf7 41.Rd5 Be7 42.Kg2 Nf8 43.Rc7 Ke6 44.Rxa5 Rxd7  0-1

[Event "CECLUB Div1 Final Permanencia 2012"]
[Site "Don Benito ESP"]
[Date "2012.08.04"]
[Round "1.4"]
[White "Alonso Moyano,J"]
[Black "Renteria,J"]
[Result "1-0"]
[WhiteElo "2417"]
[BlackElo "2307"]

1.e4 g6 2.d4 Bg7 3.Nc3 d5 4.e5 c5 5.f4 Nc6 6.dxc5 d4 7.Ne4 Bf5 8.Bd3 Nh6
9.Nf3 Qd5 10.Qe2 Bxe4 11.Qxe4 Qxc5 12.O-O O-O 13.a3 a5 14.Bd2 Rad8 15.Rab1 Nf5
16.b4 axb4 17.axb4 Qd5 18.b5 Nb8 19.g4 Nh6 20.Qxd5 Rxd5 21.h3 Rc8 22.Rb4 Rcd8
23.Ra1 Kh8 24.Ra8 Nc6 25.bxc6 Rxa8 26.cxb7 Rb8 27.Ba6 Rd7 28.Nxd4 Rc7 29.Rb3 g5
30.Ba5 Rc5 31.Bb6 Bf8  1-0

[Event "Politiken Cup 2012"]
[Site "Helsingor DEN"]
[Date "2012.08.04"]
[Round "9.96"]
[White "Kyrkjebo,Eirik"]
[Black "Fjellengen,B"]
[Result "1-0"]
[WhiteElo "1724"]
[BlackElo "1928"]

1.e4 g6 2.d4 Bg7 3.Nc3 c5 4.dxc5 Qa5 5.Bd2 Qxc5 6.Nf3 b6 7.Bd3 Bb7 8.O-O Nf6
9.Be3 Qc8 10.Qd2 Ng4 11.Bf4 e5 12.Bg3 f6 13.Nb5 Qc6 14.Bc4 Bf8 15.Bd5 Qc8
16.h3 Nh6 17.Nxe5 Na6 18.Nc4  1-0

[Event "Miguel Najdorf Open A"]
[Site "Warsaw POL"]
[Date "2012.08.12"]
[Round "7.7"]
[White "Baciu,D"]
[Black "Nguyen,P"]
[Result "1/2-1/2"]
[WhiteElo "2186"]
[BlackElo "2388"]

1.e4 g6 2.d4 Bg7 3.Nc3 c5 4.dxc5 Bxc3+ 5.bxc3 Qa5 6.Qd4 Nf6 7.Qb4 Nc6 8.Qxa5 Nxa5
9.Bd3 b6 10.cxb6 axb6 11.Be3 Bb7 12.f3 d5 13.Bb5+ Bc6 14.a4 Bxb5 15.axb5 Kd7
16.Rd1 Nc4 17.Bg5 Kc7 18.exd5 Ra2 19.Ne2 Rxc2 20.Kf2 Kd6 21.Rd4 Rc8 22.Rhd1 Na3
23.Rf4 Nxb5 24.Bxf6 exf6 25.Rxf6+ Kc5 26.Rd3 Nd6 27.Re3 Ra8 28.Re7 Raa2 29.Kf1 Ra1+
30.Kf2 Raa2 31.Kf1 b5 32.Re5 Ra1+ 33.Kf2 Raa2 34.Kf1 h5 35.h4 Rd2 36.Nf4 Rac2
37.Kg1 Rd1+ 38.Kh2 Rcc1 39.Ne2 Rh1+ 40.Kg3 Rce1 41.Kf2 Rhf1+ 42.Kg3 Rh1 43.Kf2 Ref1+
44.Kg3 Re1  1/2-1/2

[Event "Miguel Najdorf Open A"]
[Site "Warsaw POL"]
[Date "2012.08.14"]
[Round "9.22"]
[White "Rozycki,B"]
[Black "Pietocha,P"]
[Result "0-1"]
[WhiteElo "1971"]
[BlackElo "2125"]

1.e4 g6 2.d4 Bg7 3.Nc3 d5 4.exd5 Nf6 5.Bc4 Nbd7 6.Bg5 O-O 7.Bb3 Nb6 8.Bxf6 Bxf6
9.Nge2 Bg4 10.f3 Bh4+ 11.Ng3 Bd7 12.O-O f5 13.a4 Kh8 14.a5 Nc8 15.Nce2 Bg5
16.f4 Bf6 17.c4 e6 18.dxe6 Bxe6 19.d5 Bf7 20.Nd4 Qd6 21.Kh1 Qc5 22.Nf3 Qe3
23.Qc2 Qxf4 24.Rae1 Qd6 25.c5 Qd8 26.Rd1 b6 27.Nd4 bxc5 28.Ne6 Bxe6 29.dxe6 Bd4
30.Ne2 Qd6 31.Qc4 Rd8 32.Nxd4 cxd4 33.Rc1 Rb8 34.Rfd1 Rb4 35.Qd3 Ne7 36.Rc4 Nc6
37.Rxb4 Qxb4 38.h3 Nxa5 39.Bc2 Nc6 40.Qf3 Qd6 41.Re1 Ne7 42.Bd3 Nd5 43.Bc4 Ne3
44.Rxe3 dxe3 45.Qxe3 Kg7 46.b3 Kf6 47.Qh6 Qg3 48.Qc1 Rd4 49.Qa1 Qe5 50.Kg1 Re4
51.Qxa7 Qd4+  0-1

[Event "LBV Open A 2012"]
[Site "Roosendaal NED"]
[Date "2012.08.17"]
[Round "3.6"]
[White "Pruijssers,R"]
[Black "Broekmeulen,Ja"]
[Result "1-0"]
[WhiteElo "2514"]
[BlackElo "2410"]

1.e4 g6 2.d4 Bg7 3.Nc3 c5 4.Nf3 cxd4 5.Nxd4 Nc6 6.Be3 Nf6 7.Bc4 O-O 8.Bb3 d6
9.f3 Bd7 10.Qd2 Nxd4 11.Bxd4 b5 12.a4 bxa4 13.Bxa4 a5 14.g4 Bxa4 15.Nxa4 Qc7
16.h4 Nd7 17.Bxg7 Kxg7 18.h5 Ne5 19.Rh3 g5 20.Qxg5+ Kh8 21.Qd2 Rab8 22.g5 Rfc8
23.f4 Qd7 24.Rg3 Rb4 25.Nc3 Nc4 26.Qd4+ e5 27.Qf2 Rxb2 28.fxe5 Qe6 29.exd6 Qxd6
30.Rd3 Qe5 31.g6 fxg6 32.hxg6 Qg7 33.Rad1 Rf8 34.Rf3 Rbb8 35.Rd7 Rxf3 36.Rxg7 Rxf2
37.Rxh7+ Kg8 38.Nd5 Rg2 39.Nf6+ Kf8 40.Rf7+  1-0

[Event "LBV Open A 2012"]
[Site "Roosendaal NED"]
[Date "2012.08.18"]
[Round "5.12"]
[White "Kleijn,C"]
[Black "Haast,M"]
[Result "1-0"]
[WhiteElo "2418"]
[BlackElo "2278"]

1.e4 g6 2.d4 Bg7 3.Nc3 d5 4.Nf3 dxe4 5.Nxe4 Nd7 6.Bc4 Nb6 7.Bb3 Nf6 8.Nxf6+ exf6
9.Qe2+ Qe7 10.Qxe7+ Kxe7 11.Bf4 c6 12.O-O-O Be6 13.Rhe1 Kd7 14.Nd2 Bxb3 15.Nxb3 Rae8
16.Nc5+ Kc8 17.Ne4 Kd7 18.Nd6 Rxe1 19.Rxe1 Nd5 20.Bg3 b5 21.Nxf7 Rf8 22.Nd6 f5
23.Be5 Bxe5 24.dxe5 Nf4 25.g3 Ne6 26.Kd2 a6 27.f4 c5 28.c3 Kc6 29.Ke3 c4
30.h3 Nc5 31.Re2 h6 32.Kf3 a5 33.g4 Nd3 34.gxf5 gxf5 35.a4 bxa4 36.Nxc4 Kc5
37.Ne3 Rb8 38.Nd1 Rg8 39.Rd2 Ne1+ 40.Kf2 Ng2 41.Rd4 Nh4 42.Ne3 Rb8 43.Rxa4 Rxb2+
44.Kg3 Kb5 45.Rxa5+  1-0

[Event "2nd Split Open 2012"]
[Site "Split CRO"]
[Date "2012.08.19"]
[Round "9.30"]
[White "Buiano,F"]
[Black "Fernandez Gil,M"]
[Result "0-1"]
[WhiteElo "2037"]
[BlackElo "2280"]

1.e4 g6 2.d4 Bg7 3.Nc3 a6 4.a4 d6 5.Nf3 Nd7 6.Be3 e6 7.Qd2 h6 8.Be2 b6 9.O-O Bb7
10.h3 Ne7 11.Rfe1 g5 12.Rad1 Ng6 13.Bc4 O-O 14.Qe2 Qf6 15.g3 Qe7 16.Nd2 c5
17.d5 Nf6 18.Qf1 Kh7 19.Nf3 Nd7 20.Bc1 Nge5 21.Nxe5 Nxe5 22.f4 gxf4 23.Bxf4 Nxc4
24.Qxc4 Bd4+ 25.Kh2 e5 26.Bc1 Rg8 27.Rf1 Rg6 28.Rf3 f6 29.Rdf1 Qg7 30.Ne2 b5
31.Qd3 c4 32.Qd1 Bb6 33.Be3 Bc7 34.Qe1 Bc8 35.Qf2 Bd8 36.g4 bxa4 37.Ng3 Rb8
38.Nh5 Qh8 39.Bc1 Rb7 40.Qh4 Rf7 41.g5 Kg8 42.Nxf6+ Bxf6 43.Rxf6 Rfxf6 44.gxf6 Kf7
45.Qh5 Qd8 46.Bd2 Qb6 47.Bxh6 Qd8 48.Be3 Qg8 49.Bb6 Kf8 50.Bd8 Qf7 51.Be7+ Ke8
52.Qe2 Bxh3 53.Qxc4 Bd7 54.Qc7  0-1

[Event "Husek Vienna Open A"]
[Site "Vienna AUT"]
[Date "2012.08.19"]
[Round "7"]
[White "Hatzl,J"]
[Black "Zelbel,P"]
[Result "1/2-1/2"]
[WhiteElo "2086"]
[BlackElo "2387"]

1.e4 g6 2.d4 Bg7 3.Nc3 c5 4.Be3 Qa5 5.Qd2 cxd4 6.Bxd4 Bxd4 7.Qxd4 Nf6 8.Nf3 Nc6
9.Qd2 d6 10.Nd5 Qxd2+ 11.Kxd2 Kd8 12.Nxf6 exf6 13.c3 Re8 14.Bd3 Ne5 15.Nxe5 fxe5
16.Bc4 Bd7 17.f3 Ke7 18.Ke3 Bc6 19.Rad1 f5 20.Rhf1 Rac8 21.Bb3 Rf8 22.Bd5 fxe4
23.Bxe4 Ke6 24.Bxc6 bxc6 25.f4 Rb8 26.b3 Rb5 27.fxe5 Rxe5+ 28.Kd3 Rd5+ 29.Ke3 Re5+
30.Kd3 Rd5+ 31.Ke3 Re5+  1/2-1/2

[Event "11th Lichtenberger Sommer 2012"]
[Site "Berlin GER"]
[Date "2012.08.20"]
[Round "3.20"]
[White "Yuan,Y1"]
[Black "Schulz,M1"]
[Result "0-1"]
[WhiteElo "1895"]
[BlackElo "2239"]

1.e4 g6 2.d4 Bg7 3.Nc3 c5 4.Nf3 cxd4 5.Nxd4 Nc6 6.Be3 Nf6 7.Be2 O-O 8.O-O d5
9.exd5 Nxd5 10.Nxc6 bxc6 11.Bd4 Nxc3 12.bxc3 Be6 13.Bf3 Bd5 14.Qe2 Bxf3 15.Qxf3 Qd5
16.Qe3 Bxd4 17.cxd4 e6 18.Rfd1 Rfd8 19.Qb3 Rab8 20.Qa4 a5 21.c4 Qe4 22.Re1 Qxd4
23.Qxc6 Rb2 24.Qf3 Qxc4 25.a3 Rdd2 26.Rf1 Qd5 27.Qf6 Qd4 28.Qxd4 Rxd4 29.Rac1 Ra2
30.Rc3 Ra4 31.Rd1 R4xa3 32.Rc8+ Kg7 33.g4 Ra1  0-1

[Event "EY Boys U16 2012"]
[Site "Prague CZE"]
[Date "2012.08.22"]
[Round "6.46"]
[White "Smith,Patrick L"]
[Black "Skalicky,T"]
[Result "1-0"]
[WhiteElo "1771"]
[BlackElo "2022"]

1.e4 g6 2.d4 Bg7 3.Nc3 c5 4.dxc5 Bxc3+ 5.bxc3 Nc6 6.Bb5 Nf6 7.Bxc6 dxc6 8.Qxd8+ Kxd8
9.f3 Nd7 10.Be3 b6 11.cxb6 axb6 12.Ne2 e5 13.Kf2 Kc7 14.Nc1 f5 15.exf5 gxf5
16.g3 Nf6 17.Re1 Re8 18.Nb3 c5 19.a3 Ra4 20.Bc1 Bb7 21.Bb2 c4 22.Nd2 b5 23.h3 h5
24.Re2 e4 25.f4 Nd5 26.Nf1 h4 27.Ne3 hxg3+ 28.Kxg3 Rg8+ 29.Kh2 Nxe3 30.Rxe3 Ra6
31.Rg1 Rag6 32.Reg3 Rxg3 33.Rxg3 Rxg3 34.Kxg3 Kd6 35.Bc1 Ke6 36.Kh4 Kf6 37.Kh5 Bd5
38.Be3 Bc6 39.Kh6 Be8 40.h4 Ke6 41.h5 Bf7 42.Bd4 e3 43.Bxe3 Kd5 44.Kg5 Ke4
45.h6 Bg8 46.Bd4 Bh7 47.Kf6  1-0

[Event "EY Boys U16 2012"]
[Site "Prague CZE"]
[Date "2012.08.22"]
[Round "6.21"]
[White "Iovcov,V"]
[Black "Brenner,Stav"]
[Result "1-0"]
[WhiteElo "2191"]
[BlackElo "2034"]

1.e4 g6 2.d4 Bg7 3.Nc3 Nc6 4.Be3 d5 5.Nf3 dxe4 6.Nxe4 Bg4 7.c3 e5 8.d5 Nce7
9.Bb5+ Kf8 10.Bc5 Nf6 11.Nxf6 Bxf6 12.h3 Bd7 13.Bxd7 Qxd7 14.d6 cxd6 15.Qxd6 Qf5
16.O-O Kg7 17.Ba3 Rhd8 18.Qb4 e4 19.Nd4 Qg5 20.Qxb7 e3 21.fxe3 Qxe3+ 22.Kh1 Bxd4
23.Rae1 Nf5 24.Rxe3 Bxe3 25.Qf3 Rd3 26.g4 Rad8 27.gxf5 Bg5 28.f6+ Kg8 29.Qg4 Be3
30.Be7 h5 31.Qe4 R8d5 32.Qxg6+ fxg6 33.f7+ Kh7 34.f8=Q  1-0

[Event "4th Pilsen Open 2012"]
[Site "Plzen CZE"]
[Date "2012.08.23"]
[Round "7.3"]
[White "Chudinovskikh,A"]
[Black "Haba,Z"]
[Result "1-0"]
[WhiteElo "2248"]
[BlackElo "2236"]

1.d4 g6 2.e4 Bg7 3.Nc3 c5 4.d5 d6 5.Bb5+ Bd7 6.a4 Nf6 7.Nf3 O-O 8.h3 Qa5
9.Bd2 a6 10.Bd3 Qc7 11.O-O e5 12.Kh2 Nh5 13.g3 Be8 14.Nh4 Qe7 15.Qe1 Nf4
16.gxf4 Qxh4 17.fxe5 Bd7 18.Qe3 Bxe5+ 19.f4 Bd4 20.Qg3 Qxg3+ 21.Kxg3 b6 22.Rfe1 Re8
23.Re2 Ra7 24.b3 Rb7 25.Rae1 f6 26.Nd1 g5 27.fxg5 Be5+ 28.Kh4 fxg5+ 29.Bxg5 h6
30.Bd2 Kh7 31.Rf1 Re7 32.Bc3 Be8 33.Bxe5 Rxe5 34.Rf5 Rbe7 35.Ne3 b5 36.axb5 axb5
37.Ng4 Rxf5 38.exf5 Rxe2 39.Bxe2 Kg7 40.f6+ Kf7 41.Kh5 Nd7 42.Bxb5 Nxf6+
43.Nxf6 Bxb5 44.Ne4 Ke7 45.Kxh6 Bd7 46.Ng5 Bf5 47.c3 Kf6 48.h4 Ke5 49.Kg7 Kxd5
50.h5 Kc6 51.Kf6 Bc2 52.h6 Kb5 53.Nf7 Kc6 54.c4 d5 55.Ne5+ Kd6 56.cxd5 Kxd5
57.Ng6  1-0

[Event "EY Boys U16 2012"]
[Site "Prague CZE"]
[Date "2012.08.24"]
[Round "8.54"]
[White "Hanl,Frantisek"]
[Black "Skalicky,T"]
[Result "0-1"]
[WhiteElo "1911"]
[BlackElo "2022"]

1.e4 g6 2.d4 Bg7 3.Nc3 c5 4.dxc5 Bxc3+ 5.bxc3 Nc6 6.Nf3 Qa5 7.Bd3 Qxc3+ 8.Bd2 Qxc5
9.O-O d6 10.h3 Nf6 11.Bh6 Rg8 12.Rb1 a6 13.Be3 Qh5 14.Be2 Qa5 15.Bb6 Qh5
16.e5 Nxe5 17.Nxe5 Qxe5 18.Bf3 Kf8 19.Qd2 g5 20.Rfe1 Qf5 21.Bd8 Be6 22.Bc7 Bd5
23.Bg4 Qg6 24.c4 Be4 25.Rb3 h5 26.Bf3 Bxf3 27.Rxf3 g4 28.hxg4 Nxg4 29.Qe2 Re8
30.Rg3 h4 31.Rh3 Ne5 32.f4 Nxc4 33.f5 Qxf5 34.Rf3 Qc5+ 35.Kh1 Ne5 36.Qd2 Rg6
37.Rc3 Qb4 38.a3 Qg4 39.Qd5 b5 40.Rce3 Qc4 41.Rxe5 dxe5 42.Qxe5 f6 43.Qh5 Qg4
44.Qd5 Rg5 45.Qc6 h3 46.gxh3 Qxh3+ 47.Bh2 Rh5 48.Qc7 Qf3+ 49.Kg1 Rg5+  0-1

[Event "EY Boys U16 2012"]
[Site "Prague CZE"]
[Date "2012.08.24"]
[Round "8.36"]
[White "Kisic,B"]
[Black "Brenner,Stav"]
[Result "0-1"]
[WhiteElo "2065"]
[BlackElo "2034"]

1.d4 g6 2.e4 Bg7 3.Nc3 a6 4.a4 Nc6 5.Nf3 d5 6.Nxd5 e6 7.Ne3 Nxd4 8.Nxd4 Qxd4
9.Bd3 Ne7 10.O-O b6 11.c3 Qd7 12.Qe2 O-O 13.Rd1 Qe8 14.Nc2 Bb7 15.a5 b5 16.Be3 f5
17.Bc5 Rf7 18.Nb4 Nc6 19.Bxb5 axb5 20.a6 Bxa6 21.Nxa6 Ne5 22.Nb4 Rd7 23.f4 Rxd1+
24.Rxd1 Nf7 25.e5 Bf8 26.Bxf8 Kxf8 27.Qe3 Kg7 28.Qc5 Rd8 29.Rd4 Rxd4 30.cxd4 Qa8
31.Qc2 Qa1+ 32.Kf2 g5 33.Nd3 gxf4 34.Nxf4 Ng5 35.Qxc7+ Kh6 36.Ne2 Ne4+ 37.Ke3 Qxb2
38.Qc1 Qb3+ 39.Kf4 Qd3 40.Qe1 Nf2 41.h3 Ne4 42.g4 Qxh3 43.gxf5 Ng5 44.Ng3 Qg2
45.Qh1+ Nh3+ 46.Kg4 exf5+ 47.Kh4 Qxh1 48.Nxh1 Nf4 49.Nf2 b4 50.Nd1 b3 51.Kg3 Ne2+
52.Kf2 Nxd4 53.Ke3 Ne6 54.Kd3 Kg5 55.Kc4 f4  0-1

[Event "24th Schlosspark Open"]
[Site "Wiesbaden GER"]
[Date "2012.08.24"]
[Round "3.30"]
[White "Geyler,S"]
[Black "Meyer,Stef"]
[Result "1-0"]
[WhiteElo "1915"]
[BlackElo "2172"]

1.e4 g6 2.d4 Bg7 3.Nc3 c5 4.dxc5 Bxc3+ 5.bxc3 Nf6 6.Bd3 Qa5 7.Ne2 Qxc5 8.O-O d6
9.Be3 Qc7 10.f3 Nbd7 11.Bh6 Rg8 12.Be3 Ne5 13.Kh1 Be6 14.a4 a6 15.Qb1 Nfd7
16.Rd1 Nc5 17.Bg1 g5 18.Qb2 Rd8 19.Nd4 Bc8 20.Bf1 Ng6 21.Ne2 h5 22.Qb4 h4
23.Qd4 f6 24.Qe3 e5 25.c4 Nf4 26.Nc3 Be6 27.Qd2 Rh8 28.Rab1 Rh7 29.Be3 Qc6
30.Rb4 Bg8 31.Rdb1 Rdd7 32.Rb6 Qc7 33.a5 Kf8 34.Rd1 Nce6 35.Rxd6 Rxd6 36.Qxd6+ Qxd6
37.Rxd6 Ke7 38.Rb6 Nd8 39.Nd5+ Nxd5 40.exd5 Rf7 41.Rb1  1-0